| 000 | 00607nam a2200169 4500 | ||
|---|---|---|---|
| 005 | 20251008111510.0 | ||
| 008 | 251008b |||||||| |||| 00| 0 eng d | ||
| 020 | _a9786214063765 | ||
| 082 | _aDFil 658.404 P260 2024 | ||
| 100 |
_aPasahol, Jhon Ven Saint Laqui. _968693 |
||
| 245 |
_aProject mastery : _ba comprehensive guide to successful project management / _cPasahol, Jhon Ven Saint Laqui. |
||
| 260 |
_aManila : _bMindshapers Co., Inc., _c©2024. |
||
| 300 |
_aviii, 328 pages : _billustrations ; _c26 cm. |
||
| 500 | _aIncludes references. | ||
| 650 | 0 |
_aProject management. _968694 |
|
| 942 |
_2ddc _cDFIL |
||
| 999 |
_c24025 _d24025 |
||